| 000 | 00561nam a2200193 i 4500 | ||
|---|---|---|---|
| 001 | 20784 | ||
| 003 | ES-MaACL | ||
| 005 | 20230906152349.0 | ||
| 007 | t| | ||
| 008 | 021118s1973 sp ||||1| spa d | ||
| 100 | 1 |
_aAitmatov, Chinguiz. _919003 |
|
| 245 | 1 | 3 |
_aLa nave blanca _b: novela / _cChinguiz Aitmatov ; [traducción del ruso por Augusto Vidal]. |
| 250 | _a[1ª ed.]. | ||
| 260 |
_aBarcelona : _bPlaneta, _c[1973] |
||
| 300 |
_a221 p. ; _c19 cm. |
||
| 700 | 1 |
_aVidal, Augusto. _9185480 |
|
| 852 |
_aES-MaACL _jC-55523 _bR.88135 |
||
| 999 |
_c20784 _d20784 |
||